Rozmlauwánj Krále Ssalomauna s wýmluwným Markoltem, obljčege welmi mrzkého

Bibliographic Details
Other Authors: Škarnicel, František Xaver, 1769-1841 (Printer)
Format: Book
Language:Slovak
PhysicalDescription:48 s. 16 cm
Published: [Wytisstěné w Uherské Skalicy] [Škarnicel František Xaver] 1817
Subjects:

MARC

LEADER 00000nam a2200000 a 4500
001 vtls010613830
003 SK-MaSNL
005 20260302050800.0
008 251112s1817 xo a 000 0 slo
035 |a E4A5A913-8D8C-47C9-9300-9E2D6B99108C 
035 |a urn:nbn:sk:snk-am3ic4q 
035 |a urn:nbn:sk:snk-am00e2km 
040 |a SNKHF  |b slo  |c SNK  |e AACR2 
041 0 |a slo 
044 |a xo  |c SK 
072 7 |a 2-23/-27  |x Biblia. Biblistika  |2 konspekt 
080 |a 2-236.5  |2 2011 
245 1 0 |a Rozmlauwánj Krále Ssalomauna s wýmluwným Markoltem, obljčege welmi mrzkého 
260 |a [Wytisstěné w Uherské Skalicy]  |b [Škarnicel František Xaver]  |c 1817 
300 |a 48 s.  |c 16 cm 
500 |a Impresum podľa iných vydaní 
500 |a Titulný list s drevorezom kráľa Šalamúna s Markoltom 
546 |a Slovenčina  |b Fraktúra 
561 |a Exlibris: Z Biblioteki Uhro - Slowenskég Michala Ressetka.  |5 SNK SD 10731 
650 0 7 |a biblické príbehy  |2 SNKPH  |9 1916 
650 0 7 |a próza  |2 SNKPH  |9 1490 
700 1 |a Škarnicel, František Xaver,  |d 1769-1841  |4 prt  |9 157699 
700 1 |a Rešetka, Michal,  |d 1794-1854  |4 fmo  |9 37150 
752 |a Slovensko  |d Skalica 
852 |a snk  |b Historické fondy  |p SD 10731 
958 |a ONDV 
958 |a DF 
999 |c 1098366  |d 1100296 
952 |t Reš 49  |a SNK  |b SNK  |y PREZ  |7 0  |p 17A1114677  |o snkSD 10731  |i snk535/56  |0 0  |1 0  |4 0  |d 2014-08-12  |f 1  |l 0  |r 2026-02-24 17:21:31  |w 2026-02-24